| Tag |
First Indicator |
Second Indicator |
Subfields |
| LEADER |
00000cam a22000008i 4500 |
| 001 |
in00000450607 |
| 005 |
20151012094831.0 |
| 008 |
740514s1974 nyu 00010 eng d |
| 010 |
|
|
|a 74006215
|
| 020 |
|
|
|a 0877496900
|
| 035 |
|
|
|a (OCoLC)00914778
|
| 035 |
|
|
|9 ABZ0123AM
|
| 040 |
|
|
|a DLC
|c DLC
|d OCL
|d TXA
|d UtOrBLW
|
| 049 |
|
|
|a TXAM
|c [720005]
|
| 082 |
0 |
|
|a 362.4
|
| 090 |
|
|
|a HV1568
|b .G34 1974a
|
| 100 |
1 |
|
|a Galbreaith, Patricia.
|
| 245 |
1 |
0 |
|a What you can do for yourself ;
|b hints for the handicapped.
|
| 264 |
|
1 |
|a New York :
|b Drake Publishers,
|c [1974]
|
| 300 |
|
|
|a 272 pages :
|b illustrations
|
| 336 |
|
|
|a text
|b txt
|2 rdacontent
|
| 337 |
|
|
|a unmediated
|b n
|2 rdamedia
|
| 338 |
|
|
|a volume
|b nc
|2 rdacarrier
|
| 650 |
|
0 |
|a People with disabilities
|x Handbooks, manuals, etc.
|
| 650 |
|
0 |
|a Rehabilitation.
|
| 740 |
0 |
|
|a Hints for the handicapped.
|
| 999 |
|
|
|a MARS
|
| 999 |
f |
f |
|s 47ff7797-8f22-3a60-9419-ff7ca0ddc3fc
|i f7a0a1d4-3ce4-3330-af00-de7b8df6adc6
|t 0
|
| 952 |
f |
f |
|p ric
|a Texas A&M University
|b Rellis Campus
|c Joint Library Facility
|d Remote Storage
|t 0
|e HV1568 .G34 1974a
|h Library of Congress classification
|i unmediated -- volume
|m A14803021010
|
| 998 |
f |
f |
|a HV1568 .G34 1974a
|t 0
|l Remote Storage
|